[Event "4th Limpedea Cup"]
[Site "Baia Sprie ROU"]
[Date "2012.05.29"]
[Round "10.4"]
[White "Manolache,M"]
[Black "Fodor,T jr"]
[Result "1-0"]
[WhiteElo "2545"]
[BlackElo "2502"]

1.d4 d5 2.Nf3 Nf6 3.c4 c6 4.e3 e6 5.Nc3 Nbd7 6.b3 Bd6 7.Bb2 O-O 8.Be2 Qe7
9.a4 Ne4 10.Nxe4 dxe4 11.Nd2 f5 12.Qc2 a5 13.O-O-O Nf6 14.f3 e5 15.c5 Bc7
16.fxe4 exd4 17.Bxd4 Nxe4 18.Nxe4 fxe4 19.Bc4+ Kh8 20.Qc3 Bg4 21.Rdf1 h6
22.h3 Bd7 23.Rd1 Rad8 24.Rhf1 Bc8 25.Qc2 Bf5 26.Qb2 Kh7 27.Rd2 Bg6 28.Rfd1 Bg3
29.Qc3 Bh5 30.Be2 Bxe2 31.Rxe2 Bc7 32.Qc2 Rd5 33.Kb1 Rdf5 34.Red2 Bg3 35.Bb2 R8f7
36.Rd4 Rxc5 37.Qxe4+ Qxe4+ 38.Rxe4 Rd5 39.Rxd5 cxd5 40.Rd4 Rf1+ 41.Kc2 Rf2+
42.Rd2 Rf5 43.Kd3 Kg6 44.Rc2 Rf1 45.Bc3 Rb1 46.Rb2 Rxb2 47.Bxb2 Kf7 48.Bc3 Bc7
49.e4 dxe4+ 50.Kxe4 g6 51.Kd5 Ke7 52.Kc5 Kd7 53.Kb5 Bf4 54.Bxa5 h5 55.Bb6 Bd2
56.Bf2 Kc7 57.Kc5 Bc3 58.Kd5 Kd7 59.Bc5  1-0

[Event "4th Limpedea Cup"]
[Site "Baia Sprie ROU"]
[Date "2012.05.29"]
[Round "10.6"]
[White "Jianu,V"]
[Black "Dumitrache,D"]
[Result "1/2-1/2"]
[WhiteElo "2500"]
[BlackElo "2446"]

1.d4 d5 2.c4 c6 3.Nc3 Nf6 4.e3 e6 5.Nf3 Nbd7 6.Bd3 dxc4 7.Bxc4 b5 8.Bd3 a6
9.O-O c5 10.b3 Bb7 11.Bb2 Be7 12.Qe2 O-O 13.Rad1 Qb6 14.Bb1 Rfd8 15.Ng5 cxd4
16.Rxd4 h6 17.Nge4 Nc5 18.Rfd1 Ncxe4 19.Nxe4 Nxe4 20.Bxe4 Bxe4 21.Rxe4 Rxd1+
22.Qxd1 Rd8 23.Rd4 Rxd4 24.Qxd4 Qxd4 25.Bxd4 h5 26.Kf1 Kf8 27.Ke2 Bd6 28.h3 e5
29.Bc3 Ke7 30.g4 hxg4 31.hxg4 Ke6  1/2-1/2

[Event "1st Euro 2012 Open"]
[Site "Lviv UKR"]
[Date "2012.05.29"]
[Round "2"]
[White "Najgebauer,S"]
[Black "Polulikh,Bogdan"]
[Result "1-0"]
[WhiteElo "2222"]
[BlackElo "1876"]

1.Nf3 Nf6 2.c4 e6 3.Nc3 d5 4.e3 c6 5.d4 Nbd7 6.Qc2 a6 7.b3 Bd6 8.Bd3 e5 9.cxd5 cxd5
10.dxe5 Nxe5 11.Nxe5 Bxe5 12.Bb2 O-O 13.Ne2 Bxb2 14.Qxb2 Qe7 15.O-O Ng4 16.Qd4 Qe5
17.Qf4 Rd8 18.Rfd1 Be6 19.Qxe5 Nxe5 20.Rac1 Rac8 21.Bb1 g6 22.h3 Kf8 23.Nd4 Ke7
24.f4 Nc6 25.Nxc6+ Rxc6 26.Rxc6 bxc6 27.b4 a5 28.bxa5 Ra8 29.Rc1 Kd6 30.e4 dxe4
31.Bxe4 Bd5 32.Rd1 Rxa5 33.Bxd5 cxd5 34.Rd2 Ra4 35.a3 d4 36.Kf2 Kd5 37.Rb2 Kc4
38.Ke2 Rxa3 39.Rc2+ Kd5 40.Kf2 Ke4 41.Re2+ Kd3 42.Re7 Ra2+ 43.Kf3 Kd2 44.Re2+ Kc3
45.Rxa2 f5 46.Ke2  1-0

[Event "Albena Masters Open 2012"]
[Site "Albena BUL"]
[Date "2012.05.30"]
[Round "5.25"]
[White "Tunik,G"]
[Black "Ninov,D"]
[Result "1-0"]
[WhiteElo "2429"]
[BlackElo "2148"]

1.d4 d5 2.c4 c6 3.Nf3 Nf6 4.e3 e6 5.Nc3 a6 6.b3 Nbd7 7.Bd3 Bd6 8.Qc2 O-O
9.O-O e5 10.cxd5 cxd5 11.e4 exd4 12.Nxd5 Nxd5 13.exd5 Nf6 14.Bb2 Bg4 15.Nxd4 Rc8
16.Qb1 Be5 17.Nc6 Rxc6 18.Bxe5 Qxd5 19.Bxf6 Rxf6 20.Bxh7+ Kh8 21.Be4 Qd4
22.Qd3 Qxd3 23.Bxd3 Rd8 24.Be4 b6 25.f3 Bh5 26.Rfd1 Rfd6 27.Rxd6 Rxd6 28.Rc1 Bg6
29.Bxg6 Rxg6 30.Kf2 Rd6 31.Rc2 g6 32.h4 Kg7 33.g4 Rd1 34.Kg3 Rd6 35.Rc4 b5
36.Rc5 Rd2 37.a4 b4 38.h5 gxh5 39.Rxh5 Rd3 40.Ra5 Rxb3 41.Rxa6 Ra3 42.a5 b3
43.Rb6 Rxa5 44.Rxb3 Ra4 45.f4 Rc4 46.Rb7 Kg6 47.Rb6+ Kg7 48.g5 Ra4 49.Rd6 Rb4
50.f5 Ra4 51.Rd7 Kg8 52.Kf3 Rb4 53.Re7 Ra4 54.Re1 Ra5 55.Kg4 Rb5 56.Re8+ Kh7
57.Re7 Kg8 58.Rd7 Ra5 59.Kf4 Rb5 60.Ke4 Ra5 61.Rd5 Ra1 62.Rd8+ Kh7 63.Rd7 Re1+
64.Kf4 Kg8 65.Rc7 Re2 66.f6 Ra2 67.Rc8+ Kh7 68.Rf8 Ra7 69.Kg4 Rb7 70.Re8 Rb1
71.Rf8 Rb7 72.Kf4 Ra7 73.Ke5 Rd7 74.Ke4 Ra7 75.Kd5 Kg6 76.Rg8+ Kf5 77.Kc6 Ra1
78.Kd7 Rd1+ 79.Ke7 Ra1 80.Kxf7 Ra7+ 81.Kf8 Ke6 82.Rh8 Rb7 83.Rh4 Kf5 84.f7 Kg6
85.Rh6+ Kxg5 86.Rd6  1-0

[Event "Mitropa Cup 2012"]
[Site "Sibenik CRO"]
[Date "2012.05.31"]
[Round "1"]
[White "Zueger,B"]
[Black "Bosiocic,Mari"]
[Result "0-1"]
[WhiteElo "2413"]
[BlackElo "2555"]

1.d4 d5 2.c4 c6 3.Nc3 Nf6 4.e3 e6 5.Nf3 Bd6 6.Qc2 Nbd7 7.Be2 dxc4 8.Bxc4 b5
9.Bd3 Bb7 10.e4 e5 11.dxe5 Nxe5 12.Nxe5 Bxe5 13.f4 Bd4 14.e5 Ng4 15.Ne4 O-O
16.Nd6 Ba6 17.Bxh7+ Kh8 18.Bf5 b4 19.Qxc6 Bb6 20.Qf3 Nh6 21.Be4 Rb8 22.f5 Bd4
23.Qg3 f6 24.Bxh6 gxh6 25.Qh4 Be3 26.Rd1 b3 27.Nf7+ Rxf7 28.Rxd8+ Rxd8 29.axb3 Rc8  0-1

[Event "Mitropa Cup 2012"]
[Site "Sibenik CRO"]
[Date "2012.05.31"]
[Round "1"]
[White "Kuljasevic,D"]
[Black "Botta,Ga"]
[Result "1/2-1/2"]
[WhiteElo "2574"]
[BlackElo "2365"]

1.d4 d5 2.c4 c6 3.Nc3 Nf6 4.e3 e6 5.Nf3 Nbd7 6.Qc2 Bd6 7.b3 O-O 8.Be2 b6
9.O-O Bb7 10.Bb2 Qe7 11.Rfd1 Rfd8 12.Rac1 Rac8 13.g3 h6 14.Bf1 c5 15.cxd5 Nxd5
16.Nxd5 exd5 17.dxc5 Rxc5 18.Qe2 Rxc1 19.Rxc1 Be5 20.Nxe5 Nxe5 21.Bg2 Bc8
22.h3 Ng6 23.Qd2 Be6 24.Rc6 f6 25.Qc2 Ne5 26.Rc7 Rd7 27.Rc8+ Rd8 28.Qc7 Qxc7
29.Rxc7 Rd7 30.Rc8+ Kf7 31.f4 Nd3 32.Ba3 Bf5 33.Bf1 Re7 34.Rd8 Rxe3 35.g4 Be4
36.f5 Nc5 37.Bb5 Rxh3 38.Bxc5  1/2-1/2

[Event "Women's World Rapid Championship 2012"]
[Site "Batumi GEO"]
[Date "2012.06.01"]
[Round "4.23"]
[White "Arabidze,M"]
[Black "Krush,I"]
[Result "1-0"]
[WhiteElo "2351"]
[BlackElo "2457"]

1.d4 d5 2.c4 e6 3.Nc3 c6 4.e3 Nf6 5.Nf3 Nbd7 6.Bd3 dxc4 7.Bxc4 b5 8.Bd3 Bb7
9.O-O a6 10.a4 b4 11.Nb1 c5 12.Nbd2 Be7 13.a5 O-O 14.Qe2 Qc7 15.Re1 Nd5 16.Nc4 cxd4
17.Nxd4 Nc5 18.Bc2 Rfd8 19.Bd2 Rac8 20.Rec1 Bf6 21.Qg4 e5 22.Nf5 e4 23.Nd4 Qe7
24.Qg3 Qd7 25.b3 g6 26.Rd1 Bg7 27.Be1 Qe7 28.Rac1 f5 29.h4 Qf6 30.h5 f4 31.Qh3 fxe3
32.fxe3 Nxe3 33.Qxe3 Rxd4 34.Bf2 Ne6 35.h6 Bh8 36.Nd6 Rxd1+ 37.Bxd1 Rxc1
38.Qxc1 Qe7 39.Nxb7 Qxb7 40.Qc4 Kf7 41.Bg4 Qd7 42.Qxe4 Bc3 43.Be2 Qd2 44.Qb7+ Kf6
45.Qxa6 Qc1+ 46.Bf1 Qxh6 47.Qe2 Be5 48.Qf3+ Kg7 49.Qh3 Qxh3 50.gxh3 Bd4 51.a6 Bxf2+
52.Kxf2 Nc7 53.a7 Kf6 54.Bg2 Kg5 55.Kg3 Kf5 56.a8=Q Nxa8 57.Bxa8 g5 58.Bf3  1-0

[Event "Buenos Aires Masters"]
[Site "Buenos Aires ARG"]
[Date "2012.06.01"]
[Round "6.1"]
[White "Mareco,S"]
[Black "Lemos,D"]
[Result "1/2-1/2"]
[WhiteElo "2583"]
[BlackElo "2538"]

1.Nf3 Nf6 2.c4 c6 3.d4 d5 4.Nc3 e6 5.e3 Nbd7 6.Qc2 Bd6 7.Be2 O-O 8.O-O dxc4
9.Bxc4 Qe7 10.Bd2 a6 11.a4 c5 12.Rfe1 b6 13.d5 Ne5 14.Nxe5 Bxe5  1/2-1/2

[Event "10th IM Int"]
[Site "Sao Jose do Rio Preto BRA"]
[Date "2012.06.01"]
[Round "3.1"]
[White "Barreto Filho,C"]
[Black "Abdalla,L"]
[Result "1/2-1/2"]
[WhiteElo "2346"]
[BlackElo "2333"]

1.d4 e6 2.c4 d5 3.Nf3 c6 4.e3 Nf6 5.Nc3 Nbd7 6.Qc2 Bd6 7.Bd3 O-O 8.O-O dxc4
9.Bxc4 b5 10.Be2 Bb7 11.Rd1 Qc7 12.Bd2 a6 13.b4 e5 14.h3 exd4 15.exd4 Nb6
16.Ng5 Rfe8 17.Bd3 h6 18.Nge4 Nxe4 19.Nxe4 Rad8 20.Nc5 Bc8 21.Nb3 Be6 22.Nc5 Bc8
23.Rac1 Nd5 24.a3 Nf4 25.Bf1 Bf8 26.Be3  1/2-1/2

[Event "Asian Junior Girls 2012"]
[Site "Tashkent UZB"]
[Date "2012.06.01"]
[Round "3.9"]
[White "Kurbonboeva,Sarvinoz"]
[Black "Abdul,Majeed Dina Ameer"]
[Result "1-0"]
[WhiteElo "2199"]
[BlackElo "1877"]

1.c4 e6 2.Nc3 d5 3.d4 c6 4.e3 Nf6 5.Nf3 a6 6.Bd3 dxc4 7.Bxc4 b5 8.Bb3 c5
9.O-O Bb7 10.Qe2 Nbd7 11.Rd1 c4 12.Bc2 Be7 13.e4 O-O 14.a3 Nb6 15.Bg5 h6
16.Bf4 Re8 17.Rac1 Bf8 18.Bb1 Qe7 19.Qc2 g6 20.Bg3 Bg7 21.Bh4 Qc7 22.Qd2 Nfd7
23.e5 Bd5 24.Qe2 Qc6 25.Bg3 Kh7 26.h4 Kg8 27.Ne4 Ra7 28.h5 g5 29.Nfd2 f5
30.exf6 Nxf6 31.f4 Nxe4 32.Nxe4 gxf4 33.Bxf4 e5 34.dxe5 Bxe5 35.Re1 Bd4+
36.Be3 Bxb2 37.Qxb2 Bxe4 38.Bd4 Rae7 39.Bxe4 Rxe4 40.Rxe4 Rxe4 41.Qf2 Rxd4
42.Qxd4 Kh7 43.Rf1 Qb7 44.Rf8 Qg7 45.Qe4+  1-0

[Event "XXVII Felix Cup 2012"]
[Site "Baile Felix ROU"]
[Date "2012.06.02"]
[Round "3.4"]
[White "Florescu,C"]
[Black "Marcu,A"]
[Result "1-0"]
[WhiteElo "2316"]
[BlackElo "2061"]

1.Nf3 Nf6 2.c4 c6 3.Nc3 d5 4.e3 e6 5.d4 Nbd7 6.Qc2 Bd6 7.Bd3 O-O 8.O-O Re8
9.e4 dxe4 10.Nxe4 Nxe4 11.Bxe4 Nf6 12.Bd3 c5 13.dxc5 Bxc5 14.Bf4 b6 15.Ng5 h6
16.Bh7+ Kf8 17.Rad1 Qe7 18.Ne4 Nxe4 19.Bxe4 Bb7 20.Bxb7 Qxb7 21.Qh7 Qc6 22.Rd3 e5
23.Qh8+ Ke7 24.Qxg7  1-0

[Event "TCh-FRA Top 12 2012"]
[Site "Belfort FRA"]
[Date "2012.06.02"]
[Round "3.8"]
[White "Guichard,P"]
[Black "Choisy,M"]
[Result "1-0"]
[WhiteElo "2316"]
[BlackElo "2205"]

1.d4 d5 2.c4 e6 3.Nc3 c6 4.e3 Nf6 5.Nf3 Nbd7 6.Qc2 Bd6 7.Bd3 O-O 8.O-O dxc4
9.Bxc4 b5 10.Bd3 Bb7 11.e4 e5 12.d5 a6 13.dxc6 Bxc6 14.Rd1 Qc7 15.Bg5 h6
16.Bh4 Rfc8 17.Rac1 b4 18.Ne2 g5 19.Bg3 Qb6 20.Qb1 Bb7 21.Nd2 Bc5 22.Nc4 Qa7
23.Na5 Ng4 24.Rf1 Bc6 25.Bc4 Ngf6 26.Nxc6 Rxc6 27.Bd5 Nxd5 28.exd5 Rf6 29.Qe4 Rd8
30.h4 Rg6 31.hxg5 hxg5 32.Qf5 Nf6 33.Rfd1 Rxd5 34.Rxd5 Nxd5 35.Qxe5 Nf4 36.Bxf4 Bxf2+
37.Kf1 gxf4 38.Rc8+  1-0

[Event "1st CT Casino Marina del Sol"]
[Site "Talcahuano CHI"]
[Date "2012.06.02"]
[Round "1.5"]
[White "Diaz Vasquez,M"]
[Black "Riffo Paz,E"]
[Result "1/2-1/2"]
[WhiteElo "2212"]
[BlackElo "2238"]

1.d4 d5 2.c4 c6 3.Nf3 Nf6 4.Nc3 e6 5.e3 Nbd7 6.Qc2 Bd6 7.Bd3 dxc4 8.Bxc4 b5
9.Bd3 Bb7 10.O-O O-O 11.a3 Re8 12.Rd1 Qe7 13.e4 e5 14.Ne2 c5 15.dxc5 Nxc5
16.Ng3 Nxd3 17.Qxd3 g6 18.Bg5 Bc5 19.Qxb5 Bb6 20.a4 h6 21.Bxf6 Qxf6 22.a5 Ba6
23.Qa4 Bc5 24.Rac1 Rec8 25.b4 Bf8 26.b5 Rxc1 27.Rxc1 Rc8 28.Rxc8 Bxc8 29.Qc4 Bd7
30.Nf1 Qd6 31.Ne3 Qc5 32.Qxc5 Bxc5 33.b6 axb6 34.Nd5 Bc6 35.axb6 Bd6 36.Nd2 Bb5
37.b7 Ba6 38.Nf6+ Kh8 39.Nb3  1/2-1/2

[Event "TCh-FRA Top 12 2012"]
[Site "Belfort FRA"]
[Date "2012.06.03"]
[Round "4.1"]
[White "Vachier Lagrave,M"]
[Black "Fargere,Fr"]
[Result "1-0"]
[WhiteElo "2680"]
[BlackElo "2467"]

1.c4 c6 2.d4 d5 3.Nc3 Nf6 4.e3 e6 5.Nf3 a6 6.b3 Bb4 7.Bd2 Nbd7 8.Bd3 O-O
9.O-O Bd6 10.e4 dxc4 11.bxc4 e5 12.d5 Nc5 13.Bg5 Bg4 14.h3 Bxf3 15.Qxf3 h6
16.Bh4 Be7 17.Rfd1 Nfd7 18.Bg3 Bg5 19.Rab1 Qa5 20.Bf1 Rae8 21.Rxb7 Nxb7 22.dxc6 Ndc5
23.cxb7 Nxb7 24.Rd5 Qc7 25.Qf5 g6 26.Qd7 Qxd7 27.Rxd7 Re7 28.Rxe7 Bxe7 29.Bxe5 f6
30.Bf4 Kg7 31.Nd5 Bc5 32.Nc7 Rc8 33.Nxa6 Ra8 34.Nxc5 Nxc5 35.e5 fxe5 36.Bxe5+ Kf7
37.Bf4 Ne6 38.Bxh6 g5 39.h4 gxh4 40.Be3 Rxa2 41.Kh2 Nf4 42.c5 Kf6 43.Bxf4 Rxf2
44.c6  1-0

[Event "11th TCh-BIH Premier"]
[Site "Jahorina BIH"]
[Date "2012.06.03"]
[Round "2.5"]
[White "Dumpor,A"]
[Black "Stojanovic,Do"]
[Result "1-0"]
[WhiteElo "2355"]
[BlackElo "2350"]

1.d4 d5 2.Nf3 Nf6 3.c4 c6 4.e3 e6 5.Nc3 Nbd7 6.Bd3 dxc4 7.Bxc4 b5 8.Bd3 Bb7
9.O-O a6 10.e4 c5 11.e5 cxd4 12.Nxb5 axb5 13.exf6 gxf6 14.Bxb5 Rg8 15.Bf4 Qb6
16.a4 Rg4 17.Bg3 h5 18.Re1 Bd6 19.Qb3 Ke7 20.a5 Nc5 21.Qc4 Qc7 22.b4 Na6
23.Bxa6 Rxa6 24.Qxc7+ Bxc7 25.h3 Rg8 26.Nxd4 Be5 27.Bxe5 fxe5 28.Rxe5 Rxg2+
29.Kf1 Rh2 30.Ra3 Kf6 31.Rxh5 Rd6 32.Rh4 Kg5 33.Rg4+ Kh5 34.Rf4 f5 35.b5 Kg5
36.Nf3+ Kxf4 37.Nxh2 Rd1+ 38.Ke2 Rb1 39.Ra4+ Ke5 40.Nf3+ Kd5 41.a6 Ba8 42.Rd4+ Kc5
43.Rd8 Bd5 44.Rc8+ Kb6 45.Nd4 Rb4 46.Kd3 e5 47.Nxf5 Be4+ 48.Kc3 Bxf5 49.Rb8+ Kc5
50.a7 Rc4+ 51.Kd2 Be4 52.a8=Q Bxa8 53.Rxa8 Rf4 54.Ke3 Kxb5 55.Re8 Rf5 56.f3 Kc6
57.h4 Kd7 58.Rg8 Ke6 59.Rg6+ Kd5 60.Rg5 Rf4 61.Rg4 Rf8 62.h5 Ke6 63.Ke4 Ra8
64.Rg6+ Kf7 65.Rd6 Ke7 66.Kxe5 Ra5+ 67.Rd5 Ra3 68.Kf4 Kf6 69.Kg4 Ra1 70.Rf5+ Kg7
71.Rb5 Rg1+ 72.Kh4 Rh1+ 73.Kg5 Rg1+ 74.Kf4 Kh6 75.Rf5 Re1 76.Rg5 Rf1 77.Re5 Rh1
78.Rg5 Rf1 79.Rb5 Re1 80.Re5 Rf1 81.Ke4  1-0

[Event "Victory Day 2012"]
[Site "Moscow RUS"]
[Date "2012.06.03"]
[Round "3.5"]
[White "Tilicheev,V"]
[Black "Reshetnikov,Al"]
[Result "0-1"]
[WhiteElo "2387"]
[BlackElo "2521"]

1.d4 d5 2.c4 c6 3.Nc3 Nf6 4.Nf3 e6 5.e3 Nbd7 6.Bd3 dxc4 7.Bxc4 b5 8.Bd3 a6
9.O-O c5 10.b3 Bb7 11.Bb2 Be7 12.Rc1 O-O 13.Bb1 Rc8 14.Qe2 cxd4 15.Nxd4 Qb6
16.Rfd1 Ne5 17.Nf3 Nxf3+ 18.gxf3 e5 19.Bf5 Rcd8 20.Rxd8 Rxd8 21.Rd1 g6 22.Rxd8+ Qxd8
23.Bb1 Qa8 24.Kg2 Bd6 25.Qd1 Bc7 26.Ba3 Kg7 27.Be7 Nd5 28.Nxd5 Bxd5 29.e4 Qe8
30.Bg5 Be6 31.Qc1 Qd7 32.Bh6+ Kg8 33.Qg5 Bd8 34.Qd2 Qxd2 35.Bxd2 g5 36.Bc2 Be7
37.a4 bxa4 38.bxa4 Bc4 39.Bd1 Kf8 40.Bc2 Ke8 41.Kg1 Kd7 42.Kg2 Kc6 43.Be3 f6
44.Kg1 Bb4 45.Kg2 Bc3 46.Bd1 Bb4 47.Bc2 Be7 48.Kg1 Bc5 49.Bd2 Bd4 50.Bb4 Bc5
51.Bd2 Ba3 52.Be3 h5 53.Kg2 Bc5 54.Bd2 Be7 55.Be3 Bf8 56.Kg1 Bc5 57.Bd2 Kb6
58.Kg2 Be7 59.Be3+ Bc5 60.Bd2 Be7 61.Be3+ Ka5 62.Bd2+ Bb4 63.Be3 Be6 64.h4 gxh4
65.f4 h3+ 66.Kh2 exf4 67.Bxf4 Be1 68.Bc7+ Kb4 69.f4 Bg4 70.f5 Bc3 71.Bd6+ Kc4
72.Bb8 Bd2 73.Bg3 Kd4 74.e5 h4 75.Bxh4 Bf4+ 76.Bg3 Kxe5 77.Bxf4+ Kxf4 78.a5 Bxf5
79.Bb3 Bc8 80.Bc4 Ke5  0-1

[Event "TCh-SUI National A 2012"]
[Site "Switzerland SUI"]
[Date "2012.06.03"]
[Round "4.7"]
[White "Toth,Be1"]
[Black "Karl,H"]
[Result "1/2-1/2"]
[WhiteElo "2353"]
[BlackElo "2165"]

1.d4 Nf6 2.c4 e6 3.Nf3 d5 4.Nc3 c6 5.e3 Nbd7 6.Bd3 Bd6 7.O-O O-O 8.e4 dxc4
9.Bxc4 e5 10.Be3 Qe7 11.Bb3 exd4 12.Bxd4 Ne5 13.Nxe5 Bxe5 14.Bxe5 Qxe5 15.f4 Qc5+
16.Kh1 Be6 17.Bxe6 fxe6 18.Qb3 Rf7 19.e5 Nd5 20.Ne4 Qe3 21.Qxe3 Nxe3 22.Rf3 Nd5
23.Raf1 Raf8 24.g3 h6 25.h4 b6 26.Kh2 Rd7 27.Rd1 Rfd8 28.Rfd3 Rf8 29.a3 c5
30.Nd6 Rfd8 31.h5 Nc7 32.Kg2 Nb5 33.R3d2 Nxd6 34.Rxd6 Rxd6 35.exd6 Kf7 36.Kf3 Ke8
37.Ke4 Kd7 38.g4 Rc8 39.f5 c4 40.a4 exf5+ 41.gxf5 c3 42.bxc3 Rxc3 43.Rg1 Rc4+
44.Ke5 Rc5+ 45.Ke4 Rc4+ 46.Ke5  1/2-1/2

[Event "1st CT Casino Marina del Sol"]
[Site "Talcahuano CHI"]
[Date "2012.06.03"]
[Round "3.2"]
[White "Alarcon,Rod"]
[Black "Caceres Leal,Jaime"]
[Result "1-0"]
[WhiteElo "2174"]
[BlackElo "2137"]

1.d4 d5 2.c4 c6 3.Nf3 Nf6 4.Nc3 e6 5.e3 Nbd7 6.Bd3 dxc4 7.Bxc4 b5 8.Bd3 b4
9.Na4 c5 10.dxc5 Nxc5 11.Nxc5 Bxc5 12.O-O O-O 13.e4 h6 14.Bf4 Bb7 15.Qe2 Qb6
16.Ne5 Rfd8 17.Nc4 Qc6 18.Na5 Qd7 19.Bb5 Qc8 20.Rac1 Nxe4 21.Bd3 Nxf2 22.Rxf2 Bxf2+
23.Kxf2 Qd7 24.Nxb7 Qxd3 25.Nxd8 Qd4+ 26.Be3 Qf6+ 27.Kg1 Rxd8 28.Bxa7 Ra8
29.Qe4 Qd8 30.Qb7 Kh7 31.Rf1 f6 32.Bb6 Qe8 33.Qe4+ f5 34.Qc4 Rb8 35.Bf2 e5
36.Re1 e4 37.Bg3 Rb7 38.Bd6 Qg6 39.Bxb4 Qb6+ 40.Bc5 Qxb2 41.Qd5 g6 42.Bd4 Qb4
43.Rc1 Re7 44.Qd8 g5 45.Bc5  1-0

[Event "Server24Chess 2012"]
[Site "Val Gardena ITA"]
[Date "2012.06.03"]
[Round "2"]
[White "Zier,O"]
[Black "Villa,G"]
[Result "1-0"]
[WhiteElo "2121"]
[BlackElo "1936"]

1.d4 d5 2.c4 c6 3.Nc3 Nf6 4.e3 e6 5.Nf3 Nbd7 6.Qc2 Bd6 7.b3 O-O 8.Be2 b6
9.O-O Bb7 10.Bb2 Qe7 11.e4 Nxe4 12.Nxe4 dxe4 13.Qxe4 Nf6 14.Qh4 c5 15.Rfd1 Ne4
16.Qxe7 Bxe7 17.Ne5 cxd4 18.Bxd4 f6 19.Nd3 e5 20.Bb2 Rfd8 21.Bf3 Rd7 22.Bg4 Rd6
23.Ba3 Nc5 24.Nxc5 bxc5 25.Rxd6 Bxd6 26.Rd1 Bf8 27.Rd7 Be4 28.Be6+ Kh8 29.Bd5 Bxd5
30.Rxd5 Rc8 31.Rd7 a6 32.Ra7 Rc6 33.b4 Kg8 34.Ra8 Kf7 35.b5 axb5 36.cxb5 Rc7
37.b6 Rd7 38.g3 Bd6 39.Rc8 Ke6 40.Bxc5 Bxc5 41.Rxc5 Rd1+ 42.Kg2 Rb1 43.Rc6+ Kd5
44.Rc7 Kd6 45.Rxg7 Rxb6 46.Rxh7 Ra6 47.Rb7 Rxa2 48.Rb6+ Ke7 49.h4 Kf7 50.h5 Kg7
51.g4 Ra3 52.f3 Rc3 53.Rb4 Ra3 54.Kg3 Rc3 55.Rb7+ Kh6 56.Rf7 Kg5 57.Rg7+ Kh6
58.Rg6+ Kh7 59.Rxf6 e4 60.Rf4 exf3 61.Rxf3 Rc1 62.Kh4 Rc4 63.Kg5 Rc5+ 64.Rf5  1-0

[Event "TCh-FRA Top 12 2012"]
[Site "Belfort FRA"]
[Date "2012.06.04"]
[Round "5.1"]
[White "Krasenkow,M"]
[Black "Ragger,M"]
[Result "1/2-1/2"]
[WhiteElo "2604"]
[BlackElo "2670"]

1.Nf3 d5 2.c4 c6 3.e3 Nf6 4.Nc3 e6 5.d4 Nbd7 6.Bd3 dxc4 7.Bxc4 b5 8.Bd3 Bb7
9.a3 Bd6 10.O-O O-O 11.Ng5 a5 12.Bd2 Be7 13.Rc1 b4 14.axb4 axb4 15.Nce4 h6
16.Nxf6+ Nxf6 17.Ne4 Nxe4 18.Bxe4 Qb6 19.Qb3 Rfc8 20.Rfd1 c5 21.dxc5  1/2-1/2

[Event "FSIMA June 2012"]
[Site "Budapest HUN"]
[Date "2012.06.04"]
[Round "3.3"]
[White "Szeberenyi,A"]
[Black "Wang Xinyue"]
[Result "1-0"]
[WhiteElo "2335"]
[BlackElo "2041"]

1.d4 d5 2.c4 c6 3.Nc3 Nf6 4.e3 e6 5.Nf3 Nbd7 6.Qc2 Bd6 7.e4 dxe4 8.Nxe4 Nxe4
9.Qxe4 c5 10.Bd2 Qb6 11.O-O-O Nf6 12.Qh4 cxd4 13.Nxd4 Bc5 14.Bc3 Bd7 15.Nc2 Bxf2
16.Qg5 Ne4 17.Qxg7 O-O-O 18.Bd4 Bxd4 19.Rxd4 f5 20.Be2 Bc6 21.Rf1 Rdf8  1-0

[Event "FSGM June 2012"]
[Site "Budapest HUN"]
[Date "2012.06.04"]
[Round "3.1"]
[White "Varga,Zo"]
[Black "Boros,De"]
[Result "1/2-1/2"]
[WhiteElo "2451"]
[BlackElo "2475"]

1.d4 d5 2.c4 e6 3.Nf3 Nf6 4.Nc3 c6 5.e3 Nbd7 6.Bd3 dxc4 7.Bxc4 b5 8.Bd3 a6
9.e4 c5 10.e5 cxd4 11.Nxb5 axb5 12.exf6 gxf6 13.O-O Qb6 14.Qe2 Ba6 15.Rd1 Rd8
16.Bf4 Nc5 17.Rac1 Nxd3 18.Qxd3 Rd5 19.Qe4 Bb7 20.Bc7 Qa6 21.Rxd4 Rg8 22.Bg3  1/2-1/2

[Event "Mitropa Cup 2012"]
[Site "Sibenik CRO"]
[Date "2012.06.04"]
[Round "5"]
[White "Wagner,De"]
[Black "Botta,Ga"]
[Result "1-0"]
[WhiteElo "2424"]
[BlackElo "2365"]

1.d4 d5 2.c4 c6 3.Nc3 Nf6 4.e3 e6 5.Nf3 Nbd7 6.Qc2 Bd6 7.Bd3 O-O 8.O-O dxc4
9.Bxc4 b5 10.Bd3 Bb7 11.Rd1 Qe7 12.Ng5 h6 13.Nge4 Nxe4 14.Nxe4 Bc7 15.Bd2 a5
16.a3 f5 17.Ng3 Bd6 18.Rac1 Kh8 19.Be1 Nf6 20.Qe2 Nd5 21.Bb1 b4 22.e4 Nf4
23.Qe3 fxe4 24.axb4 axb4 25.Nxe4 Nd5 26.Qb3 Bf4 27.Bd2 Ba6 28.Qc2 g5 29.Nc5 Rf6
30.Re1 Ra7 31.g3 Bxd2 32.Qxd2 Bb5 33.Re5 Nb6 34.Qxb4 Qf7 35.Ne4 Rf3 36.Qc5 Ra6
37.Nd6 Qf6 38.Nxb5 Rxf2 39.Nc7 Nd7 40.Qc3 Rf3 41.Qc2  1-0

[Event "FSIMA June 2012"]
[Site "Budapest HUN"]
[Date "2012.06.05"]
[Round "4.1"]
[White "Wang Doudou"]
[Black "Wang Xinyue"]
[Result "1/2-1/2"]
[WhiteElo "2130"]
[BlackElo "2041"]

1.d4 d5 2.c4 c6 3.Nf3 Nf6 4.Nc3 e6 5.e3 Nbd7 6.Qc2 Bd6 7.Bd3 O-O 8.O-O dxc4
9.Bxc4 b5 10.Bd3 Bb7 11.Rd1 Qe7 12.e4 e5 13.Ne2 c5 14.Ng3 g6 15.dxe5 Nxe5
16.Bxb5 a6 17.Bf1 Neg4 18.h3 Bxg3 19.fxg3 Ne5 20.Qc3 Rfe8 21.Bf4 Ned7 22.Rac1 Rac8  1/2-1/2

[Event "1st Grand Europe Open"]
[Site "Golden Sands BUL"]
[Date "2012.06.05"]
[Round "2.46"]
[White "Raeva,E"]
[Black "Blomqvist,E"]
[Result "1/2-1/2"]
[WhiteElo "2284"]
[BlackElo "2454"]

1.d4 d5 2.c4 c6 3.Nf3 Nf6 4.Nc3 e6 5.e3 Nbd7 6.Bd3 dxc4 7.Bxc4 b5 8.Bd3 Bb7
9.O-O a6 10.e4 c5 11.d5 Qc7 12.dxe6 fxe6 13.Qe2 c4 14.Bc2 Bd6 15.Rd1 O-O
16.h3 Rad8 17.Bg5 Bf4 18.a3 Nc5 19.Rxd8 Rxd8 20.Rd1 Rxd1+ 21.Qxd1 Bxg5 22.Nxg5 h6
23.e5 hxg5 24.exf6 gxf6 25.Qh5 Qf7 26.Bg6 Qg7 27.f3 Qh8 28.Bh7+ Kg7 29.Qg6+ Kf8
30.h4 gxh4 31.Qh5 Nd7 32.Qxh4 Ke7 33.Ne4 Qg7 34.Ng3 Ne5 35.Kf2 Bd5 36.Bc2 Kd6
37.Qd4 f5 38.Ne2 Qh6 39.b3 Nc6 40.Qc3 Qh4+ 41.Kf1 e5 42.bxc4 Bxc4 43.Bd3 Be6
44.Qd2 Kc7 45.Qc2 Qh1+ 46.Kf2 Qh4+ 47.Kf1 Qg5 48.a4 bxa4 49.Qxa4  1/2-1/2

[Event "Mitropa Cup w 2012"]
[Site "Sibenik CRO"]
[Date "2012.06.05"]
[Round "5"]
[White "Schmidt,Jad"]
[Black "Zimina,O"]
[Result "1-0"]
[WhiteElo "2103"]
[BlackElo "2336"]

1.d4 d5 2.c4 e6 3.Nc3 c6 4.e3 Nf6 5.Nf3 Nbd7 6.Bd3 dxc4 7.Bxc4 b5 8.Bd3 a6
9.e4 c5 10.e5 cxd4 11.Nxb5 axb5 12.exf6 gxf6 13.Nxd4 Bb7 14.O-O Rg8 15.g3 Bd5
16.Bxb5 Bd6 17.Bc6 Bxc6 18.Nxc6 Qc7 19.Qf3 Ra4 20.Bd2 h5 21.Rfc1 Qb7 22.Qb3 Nc5
23.Qxb7 Nxb7 24.Na5 Nd8 25.b3 Rag4 26.Nc4 Bb8 27.Ne3 R4g5 28.Rc8 Rb5 29.Rd1 Kd7
30.Rc4 Nb7 31.Bb4+ Bd6 32.Bxd6 Nxd6 33.Rcd4 Ra8 34.Rxd6+ Ke7 35.Rd7+ Ke8
36.R7d2 f5 37.Nc4 Rb4 38.Rd4 Rbb8 39.R1d2 Kf8 40.Ne5 Kg7 41.Rd7 Rf8 42.f4 Rac8
43.Nc4 Kf6 44.Rb7 h4 45.Rdd7 Rcd8 46.Ne5 Kg7 47.Rxf7+ Rxf7 48.Rxf7+ Kg8 49.Rd7 Ra8
50.Rd2 h3 51.Nf3 Rc8 52.Ng5 Rc1+ 53.Kf2 Rh1 54.Ke3 Kg7 55.Nxe6+ Kg6 56.Ng5  1-0

[Event "Campeonato Individual Madrid 2012"]
[Site "Madrid ESP"]
[Date "2012.06.06"]
[Round "2.4"]
[White "Almagro Llamas,P"]
[Black "Candela Perez,J"]
[Result "1-0"]
[WhiteElo "2454"]
[BlackElo "2402"]

1.c4 c6 2.Nf3 d5 3.e3 Nf6 4.Nc3 e6 5.d4 Nbd7 6.Qc2 Bd6 7.Bd3 dxc4 8.Bxc4 b5
9.Be2 Bb7 10.O-O O-O 11.Rd1 Qb8 12.a3 a6 13.b4 a5 14.Rb1 axb4 15.axb4 Nd5
16.Nxd5 exd5 17.Bd2 Nb6 18.h3 Qc7 19.Ng5 g6 20.e4 h6 21.e5 Bxe5 22.dxe5 hxg5
23.e6 Rae8 24.exf7+ Qxf7 25.Be3 Nd7 26.Ra1 Ra8 27.Bd4 Rxa1 28.Rxa1 Ra8 29.Rxa8+ Bxa8
30.Bxb5 Qe6 31.Bd3 Nf8 32.Qd2 Nh7 33.Bb2 Kf7 34.Qc3 Nf6 35.Qd4 Bb7 36.Qa7 Qe7
37.Qd4 Bc8 38.f3 Bf5 39.Bf1 Qd6 40.Bc3 Bc2 41.Qd2 Bf5 42.Bd4 Nh7 43.Qc3 Nf6
44.Be5 Qe6 45.Kf2 Nd7 46.Bd4 Qd6 47.Qd2 Qe7 48.Be3 Ne5 49.Bxg5 Qb7 50.Be3 Qe7
51.Bd4 Nc4 52.Bxc4 dxc4 53.Bc3 Qa7+ 54.Qd4 Qa2+ 55.Kg3 Ke7 56.Qf6+ Kd7 57.Be5 Qd2
58.Qf7+ Kd8 59.Qc7+ Ke8 60.Qxc6+ Bd7 61.Qxg6+ Kd8 62.Qg8+ Ke7 63.Qg7+ Kd8
64.Qf8+ Be8 65.Qd6+ Qxd6 66.Bxd6 c3 67.Bf4 Bb5 68.Bc1 Ke7 69.Kf4 Bf1 70.Kg3 Ke6
71.Kf2 Bb5 72.g4 Kd5 73.Ke3 Kc4 74.h4 Kb3 75.Kd4 Be2 76.Ke4 Kxb4 77.h5 Kc4
78.g5 Bd3+ 79.Ke5 Be2 80.h6 Bd3 81.Kf6  1-0

[Event "Mitropa Cup 2012"]
[Site "Sibenik CRO"]
[Date "2012.06.06"]
[Round "7"]
[White "Wagner,De"]
[Black "Diermair,A"]
[Result "1/2-1/2"]
[WhiteElo "2424"]
[BlackElo "2414"]

1.d4 d5 2.c4 c6 3.Nc3 Nf6 4.e3 e6 5.Nf3 Nbd7 6.Qc2 Bd6 7.Bd3 O-O 8.O-O dxc4
9.Bxc4 b5 10.Bd3 Bb7 11.Ng5 h6 12.Nge4 Be7 13.Nxf6+ Nxf6 14.Ne4 Nxe4 15.Bxe4 Qb6
16.a3 a5 17.Bd2 b4 18.axb4 axb4 19.Qc4 Rfc8 20.Rxa8 Rxa8 21.Rc1 Rc8 22.Ra1 c5
23.Bxb7 Qxb7 24.Be1  1/2-1/2